đź“–đź’¬ Paroles "La Besace" (fable) La Fontaine - Statistiques

Statistiques générales
  • Ce quiz a Ă©tĂ© pris 42 fois
  • Le rĂ©sultat moyen est 154 sur 290
Statistiques - réponses
Mots % Correct
Ă 
100%
a
100%
c'
100%
ce
100%
d'
100%
en
100%
Jupin
100%
Jupiter
100%
S'
100%
s'
100%
se
100%
Se
100%
un
100%
ai-
86%
Besaciers
86%
de
86%
De
86%
et
86%
Et
86%
Il
86%
il,
86%
il
86%
Je
86%
je
86%
jour :
86%
l'
86%
L'
86%
la
86%
lĂ -
86%
le
86%
Le
86%
les
86%
m'
86%
ma
86%
me
86%
N'
86%
pas
86%
qu'
86%
Que
86%
que
86%
qui
86%
sa
86%
Si
86%
tout
86%
Tout
86%
tout,
86%
trop
86%
une
86%
autre
71%
autres ?
71%
autres
71%
bien
71%
des
71%
dit
71%
dit-
71%
Du
71%
du
71%
elle
71%
encor
71%
était
71%
était,
71%
Jamais,
71%
Mon
71%
mon
71%
ne
71%
nous
71%
nous,
71%
Nous
71%
on
71%
On
71%
petit ;
71%
plus
71%
pour
71%
ses
71%
sommes,
71%
son
71%
vous
71%
aussi-
57%
aux
57%
avec
57%
beauté.
57%
car
57%
ces
57%
dans
57%
faut ;
57%
fit
57%
fort ;
57%
hommes.
57%
Mais
57%
mais
57%
Moi,
57%
nos
57%
sans
57%
sur
57%
tous :
57%
tous
57%
très
57%
trouva
57%
animaux :
43%
chose.
43%
dessus,
43%
frère
43%
leurs
43%
mĂŞme
43%
peut
43%
pieds
43%
quelqu'
43%
rien
43%
Tant
43%
veut
43%
vienne
43%
aujourd'hui.
29%
choses
29%
derrière,
29%
devant
29%
Eléphant :
29%
Eléphant
29%
ĂŠtes-
29%
eux :
29%
faites
29%
fourmi
29%
non ?
29%
Notre
29%
oeil
29%
passé
29%
quatre
29%
temps
29%
trouve
29%
allait
14%
Baleine
14%
beautés
14%
celle
14%
ceux
14%
comparaître
14%
créa
14%
croyant
14%
crut
14%
Dame
14%
écouté,
14%
fera
14%
grandeur.
14%
grosse.
14%
ici
14%
informe
14%
jusqu'
14%
Lynx
14%
masse
14%
oreilles ?
14%
Ours,
14%
Ours
14%
portrait
14%
pourquoi
14%
premier
14%
prochain.
14%
queue,
14%
redire,
14%
respire
14%
sage
14%
Singe,
14%
Venez
14%
voit
14%
Ajouter
0%
appétit
0%
autrui.
0%
cause.
0%
censurés
0%
Ciron
0%
colosse.
0%
comparaison
0%
composé
0%
contents
0%
croire,
0%
déclarer
0%
défauts
0%
ébauché.
0%
envers
0%
espèce
0%
étant
0%
excella :
0%
Fabricateur
0%
forme
0%
fous
0%
Glosa
0%
jugea
0%
loua
0%
manière,
0%
mettrai
0%
Ă´ter
0%
pardonnons
0%
pareilles.
0%
pareils,
0%
parlez
0%
parmi
0%
peindre.
0%
peur :
0%
plaindre.
0%
poche
0%
pourrait
0%
remède
0%
renvoya
0%
reproché.
0%
reste
0%
satisfait ?
0%
souverain
0%
Taupe
0%
venant
0%
votres.
0%
Voyez
0%
Aucun quiz correspondant
Distribution des résultats
% des personnes avec chaque résultat
Percentile par nombre de réponses
Votre historique - résultats
Vous n’avez pas pris ce quiz